| 000 | 00892nam1a22002411i 4500 | ||
|---|---|---|---|
| 001 | rc\2901279 | ||
| 005 | 20260407092529.0 | ||
| 035 | _a(NLR Aleph) 007052599 | ||
| 090 |
_a6206053 _c6206053 |
||
| 100 | _a20110802d1939 |||y0rusy50 ca | ||
| 101 | 0 | _arus | |
| 102 | _aRU | ||
| 105 | _ay z ||||| | ||
| 200 | 1 |
_aАльбом наглядных пособий по истории ВКП(б) _e[Для школ и кружков парт. просвещения] |
|
| 205 | _a2-е изд., испр. и доп. | ||
| 210 |
_a[Москва] _cГосполитиздат _d1939 _eЛенинград |
||
| 215 | _d37×51 см | ||
| 712 | 0 | 2 |
_aВысшая школа пропагандистов при ЦК ВКП(б) _cМосква _4570 |
| 712 | 0 | 2 |
_4570 _aВКП(б) _3RU\NLR\AUTH\8820620 _9314867 |
| 801 | 0 |
_aRU _bNLR _gpsbo |
|
| 801 | 1 |
_aRU _bELAR _2rusmarc |
|
| 852 |
_aNLR _j39-21/16(5) |
||
| 942 | _cBOOK | ||